Cohen's Pathways of the Pulp (Record no. 15550)

MARC details
000 -LEADER
fixed length control field 00366nam a22001577a 4500
003 - CONTROL NUMBER IDENTIFIER
control field SGT
020 ## - INTERNATIONAL STANDARD BOOK NUMBER
International Standard Book Number 9788131243046
082 ## - DEWEY DECIMAL CLASSIFICATION NUMBER
Classification number 617.6342
Item number C17H
100 ## - MAIN ENTRY--PERSONAL NAME
Personal name Kenneth Hargreaves
245 ## - TITLE STATEMENT
Title Cohen's Pathways of the Pulp
250 ## - EDITION STATEMENT
Edition statement south asian
260 ## - PUBLICATION, DISTRIBUTION, ETC. (IMPRINT)
Place of publication, distribution, etc NEW DELHI
Name of publisher, distributor, etc Elsevier India
Year of Publication 2017
300 ## - PAGE DESCRIPTION
No. of Pages 1105
650 ## - SUBJECT ADDED ENTRY--TOPICAL TERM
Topical term or geographic name as entry element ENDODONTICS
942 ## - ADDED ENTRY ELEMENTS (KOHA)
Source of classification or shelving scheme Dewey Decimal Classification
Koha item type Books
942 ## - ADDED ENTRY ELEMENTS (KOHA)
-- 5
Holdings
Withdrawn status Lost status Source of classification or shelving scheme Damaged status Not for loan Home library Current library Shelving location Date acquired Vendor Name Cost, normal purchase price SGTU Bill Number Total Checkouts Full call number Accession No. (Barcode) Date last seen Bill Date Koha item type Date last borrowed
    Dewey Decimal Classification     SGT Dental Library SGT Dental Library Text Book 13/06/2018 ABC 3245.00 SGTU 9730   617.6342 C17H FD7627 13/06/2018 15/05/2018 Books  
    Dewey Decimal Classification     SGT Dental Library SGT Dental Library Text Book 13/06/2018 ABC 3245.00 SGTU 9730 3 617.6342 C17H FD7628 11/06/2019 15/05/2018 Books 23/05/2019
    Dewey Decimal Classification     SGT Dental Library SGT Dental Library Text Book 13/06/2018 ABC 3245.00 SGTU 9730 7 617.6342 C17H FD7629 05/11/2021 15/05/2018 Books 23/10/2021
    Dewey Decimal Classification     SGT Dental Library SGT Dental Library Text Book 13/06/2018 ABC 3245.00 SGTU 9730 5 617.6342 C17H FD7630 17/04/2024 15/05/2018 Books 16/04/2024
    Dewey Decimal Classification     SGT Dental Library SGT Dental Library Text Book 13/06/2018 ABC 3245.00 SGTU 9730 6 617.6342 C17H FD7631 16/05/2023 15/05/2018 Books 08/05/2023